Visual Aids [video recording]
| Format: | Book |
|---|---|
| Published: |
Times Life Films ,
1973
|
| Subjects: |
MARC
| LEADER | 00000cam a2200000 7i4500 | ||
|---|---|---|---|
| 001 | 0000004844 | ||
| 005 | 20061204.0 | ||
| 040 | |a INS | ||
| 090 | 0 | 0 | |a LB1043.5 1973 |
| 245 | 0 | 0 | |a Visual Aids [video recording] |
| 260 | |b Times Life Films , |c 1973 | ||
| 300 | |a 2 video cassette(VHS) (2:25 ) : |b sd., col. ; |c 1/2 in. | ||
| 650 | 0 | 0 | |a Visual education |
| 999 | |a VHS415 |b VIDEO |c Media Collection |e Default branch | ||